<?xml version="1.0" encoding="UTF-8"?><?xml-stylesheet type="text/xsl" href="static/style.xsl"?><OAI-PMH xmlns="http://www.openarchives.org/OAI/2.0/" xmlns:xsi="http://www.w3.org/2001/XMLSchema-instance" xsi:schemaLocation="http://www.openarchives.org/OAI/2.0/ http://www.openarchives.org/OAI/2.0/OAI-PMH.xsd"><responseDate>2026-04-13T06:47:29Z</responseDate><request verb="GetRecord" identifier="oai:www.recercat.cat:10256/20576" metadataPrefix="marc">https://recercat.cat/oai/request</request><GetRecord><record><header><identifier>oai:recercat.cat:10256/20576</identifier><datestamp>2024-05-22T11:29:09Z</datestamp><setSpec>com_2072_452966</setSpec><setSpec>com_2072_2054</setSpec><setSpec>col_2072_452968</setSpec></header><metadata><record xmlns="http://www.loc.gov/MARC21/slim" xmlns:dcterms="http://purl.org/dc/terms/" xmlns:xsi="http://www.w3.org/2001/XMLSchema-instance" xmlns:doc="http://www.lyncode.com/xoai" xsi:schemaLocation="http://www.loc.gov/MARC21/slim http://www.loc.gov/standards/marcxml/schema/MARC21slim.xsd">
   <leader>00925njm 22002777a 4500</leader>
   <datafield ind2=" " ind1=" " tag="042">
      <subfield code="a">dc</subfield>
   </datafield>
   <datafield ind2=" " ind1=" " tag="720">
      <subfield code="a">Masot Arjona, Maria</subfield>
      <subfield code="e">author</subfield>
   </datafield>
   <datafield ind2=" " ind1=" " tag="260">
      <subfield code="c">2021</subfield>
   </datafield>
   <datafield ind2=" " ind1=" " tag="520">
      <subfield code="a">Introduction: Several studies have found that university students in the health&#xd;
branch have suffered psychological consequences due to the pandemic, showing&#xd;
an increase in levels of depression, anxiety and stress. Nursing students are a&#xd;
group closely related to the current pandemic given their branch of knowledge&#xd;
and health training and this fact may have been influential in that there has been&#xd;
a psychological impact amongst them in recent months. On the one hand, the&#xd;
outbreak of the pandemic has resulted in many students being asked to start&#xd;
working in numerous hospitals and health centers around the country under high&#xd;
hospital pressure despite their incomplete training. On the other hand, the shift&#xd;
from the traditional learning model to e-learning has led students to call into&#xd;
question the learning process concerning practical and clinical skills and its&#xd;
potential negative impact in their future entry into the workplace.&#xd;
&#xd;
Objectives: To determine the psychological impact, concerns and changes in&#xd;
nursing students’ habits due to the depression, anxiety and stress caused by the&#xd;
COVID-19 pandemic</subfield>
   </datafield>
   <datafield ind2=" " ind1=" " tag="520">
      <subfield code="a">Introducció: Diverses investigacions han comprovat que els estudiants&#xd;
universitaris de la branca sanitària han patit conseqüències psicològiques&#xd;
derivades de la pandèmia manifestades per un increment dels nivells de&#xd;
depressió, ansietat i estrès. Els estudiants d’infermeria, en concret, són un&#xd;
col·lectiu estretament relacionat amb l’actual pandèmia com a estudiants&#xd;
universitaris i per la seva branca de coneixement, aquest fet pot haver estat&#xd;
influent en què s’hagi produït un impacte psicològic durant els darrers mesos.&#xd;
D’una banda, amb l’esclat de la pandèmia molts estudiants, malgrat la seva&#xd;
formació incompleta, van ser sol·licitats per treballar en nombrosos hospitals i&#xd;
centres de salut del país sotmesos a una elevada pressió hospitalària. D’altra&#xd;
banda, el model d’aprenentatge va passar a ser totalment basat en l’e-learning&#xd;
fent créixer el temor per no adquirir el nivell d’habilitats pràctiques i clíniques&#xd;
adequat per la futura inserció en el món laboral.&#xd;
&#xd;
Objectius: Conèixer l’impacte psicològic, les preocupacions i els canvis d’hàbits&#xd;
dels estudiants d’infermeria davant la depressió, l’ansietat i l’estrès generats per&#xd;
l’estat de pandèmia causada per la COVID-19</subfield>
   </datafield>
   <datafield ind1="8" ind2=" " tag="024">
      <subfield code="a">http://hdl.handle.net/10256/20576</subfield>
   </datafield>
   <datafield tag="653" ind2=" " ind1=" ">
      <subfield code="a">Pandèmia de COVID-19, 2020- -- Aspectes psicològics</subfield>
   </datafield>
   <datafield tag="653" ind2=" " ind1=" ">
      <subfield code="a">COVID-19 Pandemic, 2020- -- Psychological aspects</subfield>
   </datafield>
   <datafield tag="653" ind2=" " ind1=" ">
      <subfield code="a">COVID-19 (Malaltia) -- Aspectes psicològics</subfield>
   </datafield>
   <datafield tag="653" ind2=" " ind1=" ">
      <subfield code="a">COVID-19 (Disease) -- Psychological aspects</subfield>
   </datafield>
   <datafield tag="653" ind2=" " ind1=" ">
      <subfield code="a">Estudiants d'infermeria -- Psicologia</subfield>
   </datafield>
   <datafield tag="653" ind2=" " ind1=" ">
      <subfield code="a">Nursing students -- Psychology</subfield>
   </datafield>
   <datafield tag="653" ind2=" " ind1=" ">
      <subfield code="a">Estudiants d'infermeria -- Salut mental</subfield>
   </datafield>
   <datafield tag="653" ind2=" " ind1=" ">
      <subfield code="a">Nursing students -- Mental health</subfield>
   </datafield>
   <datafield tag="653" ind2=" " ind1=" ">
      <subfield code="a">Estrès</subfield>
   </datafield>
   <datafield tag="653" ind2=" " ind1=" ">
      <subfield code="a">Stress (Psycology)</subfield>
   </datafield>
   <datafield tag="653" ind2=" " ind1=" ">
      <subfield code="a">Ansietat</subfield>
   </datafield>
   <datafield tag="653" ind2=" " ind1=" ">
      <subfield code="a">Anxiety</subfield>
   </datafield>
   <datafield tag="653" ind2=" " ind1=" ">
      <subfield code="a">Depressió psíquica</subfield>
   </datafield>
   <datafield tag="653" ind2=" " ind1=" ">
      <subfield code="a">Depression, Mental</subfield>
   </datafield>
   <datafield ind2="0" ind1="0" tag="245">
      <subfield code="a">Impacte psicològic de la pandèmia causada per la COVID-19 en els estudiants d'infermeria: projecte finalitzat</subfield>
   </datafield>
</record></metadata></record></GetRecord></OAI-PMH>